30 largest cities in the Baltics - Statistics

General Stats
  • This quiz has been taken 33 times
  • The average score is 13 of 30
Answer Stats
Number Population Answer % Correct
3 457 k Tallinn
93%
1 618 k Vilnius
93%
2 592 k Riga
89%
4 303 k Kaunas
85%
7 97,3 k Tartu
85%
9 78,1 k Daugavpils
78%
5 160 k Klaipėda
74%
15 41,6 k Pärnu
63%
10 67,4 k Liepāja
59%
12 52,5 k Narva
59%
6 111 k Šiauliai
59%
11 54,8 k Jelgava
48%
13 51,3 k Jūrmala
48%
19 32,7 k Ventspils
48%
14 50,0 k Alytus
37%
16 35,7 k Marijampolė
37%
8 84,4 k Panevėžys
37%
22 25,4 k Utena
37%
25 22,8 k Ogre
26%
30 19,2 k Palanga
22%
21 26,3 k Jonava
19%
18 32,8 k Mažeikiai
15%
28 21,5 k Telšiai
15%
24 22,8 k Valmiera
15%
29 21,0 k Jēkabpils
11%
26 21,5 k Ukmergė
11%
17 32,8 k Kothla-Järve
7%
20 26,4 k Rēzekne
7%
23 23,3 k Kėdainiai
4%
27 21,5 k Tauragė
4%
No matching quizzes found
Score Distribution
Percent of People with Each Score
Percentile by Number Answered
Your Score History
You have not taken this quiz